Informe de Actividades

Zapisane w:
Opis bibliograficzny
1. autor: Rovira Mas, Jorge
Format: Texto
Wydane: Costa Rica : UCR. FCS. IIS
Etykiety: Dodaj etykietę
Nie ma etykietki, Dołącz pierwszą etykiete!

MARC

LEADER 00000 a a2200000 04500
001 13999
003
040
090 |a 1008 I59if 1985  
100 |a Rovira Mas, Jorge  
245 |a Informe de Actividades  
260 |a Costa Rica :   |b UCR. FCS. IIS  
300 |a 16 p  
999 |c 16282  |d 16282